Computer aided design of RCC footing/ (Record no. 551034)
[ view plain ]
| 000 -LEADER | |
|---|---|
| fixed length control field | 00364nam a22001337a 4500 |
| 082 ## - DEWEY DECIMAL CLASSIFICATION NUMBER | |
| Classification number | P199 |
| 100 ## - MAIN ENTRY--PERSONAL NAME | |
| Personal name | Farrukh Bashir. |
| 9 (RLIN) | 47968 |
| 245 ## - TITLE STATEMENT | |
| Title | Computer aided design of RCC footing/ |
| Remainder of title | Farrukh Bashir, Aamir Mehmood. |
| 260 ## - PUBLICATION, DISTRIBUTION, ETC. | |
| Place of publication, distribution, etc. | MCE |
| Date of publication, distribution, etc. | 2001. |
| 526 ## - STUDY PROGRAM INFORMATION NOTE | |
| Program name | 0 |
| Interest level | 0 |
| Reading level | 0 |
| Title point value | P_000000000000000_199 |
| 650 ## - SUBJECT ADDED ENTRY--TOPICAL TERM | |
| Topical term or geographic name entry element | Project. |
| 700 ## - ADDED ENTRY--PERSONAL NAME | |
| Personal name | Muhammad Iqbal. |
| 9 (RLIN) | 4316 |
| 942 ## - ADDED ENTRY ELEMENTS (KOHA) | |
| Source of classification or shelving scheme | |
| Koha item type | Book |
| Withdrawn status | Lost status | Source of classification or shelving scheme | Damaged status | Not for loan | Permanent Location | Current Location | Date acquired | Total Checkouts | Full call number | Barcode | Date last seen | Date last checked out | Price effective from | Koha item type | Public note |
|---|---|---|---|---|---|---|---|---|---|---|---|---|---|---|---|
| Military College of Engineering (MCE) | Military College of Engineering (MCE) | 12/02/2014 | 1 | P199 | MCE-P-199 | 03/26/2015 | 03/26/2015 | 03/14/2021 | Book | Project |
